Paso a paso construimos paz / (Registro nro. 15838)

Detalles MARC
000 -LEADER
fixed length control field 00711nam a22002057a 4500
003 - CONTROL NUMBER IDENTIFIER
control field OSt
005 - DATE AND TIME OF LATEST TRANSACTION
control field 20220318150216.0
008 - FIXED-LENGTH DATA ELEMENTS--GENERAL INFORMATION
fixed length control field 220318q2014 ck a|||jr|||| 00| j spa d
040 ## - CATALOGING SOURCE
Original cataloging agency CO-JMCR
Transcribing agency CO-JMCR
041 0# - LANGUAGE CODE
Language code of text/sound track or separate title spa
082 04 - DEWEY DECIMAL CLASSIFICATION NUMBER
Classification number H /
Item number PASp1
110 1# - MAIN ENTRY--CORPORATE NAME
Corporate name or jurisdiction name as entry element Agencia Colombiana para la Reintegración
9 (RLIN) 41968
245 10 - TITLE STATEMENT
Title Paso a paso construimos paz /
Statement of responsibility, etc. Agencia Colombiana para la Reintegración
260 ## - PUBLICATION, DISTRIBUTION, ETC.
Place of publication, distribution, etc. [Bogotá] :
Name of publisher, distributor, etc. Agencia Colombiana para la Reintegración,
Date of publication, distribution, etc. [2014?]
300 ## - PHYSICAL DESCRIPTION
Extent [28 páginas] :
Other physical details principalmente ilustraciones a color ;
Dimensions 25 cm.
650 14 - SUBJECT ADDED ENTRY--TOPICAL TERM
Topical term or geographic name entry element Novela colombiana
Chronological subdivision Siglo XX
9 (RLIN) 14002
650 24 - SUBJECT ADDED ENTRY--TOPICAL TERM
Topical term or geographic name entry element Novela gráfica
9 (RLIN) 5630
650 24 - SUBJECT ADDED ENTRY--TOPICAL TERM
Topical term or geographic name entry element Paz
Form subdivision Novela
Geographic subdivision Colombia
9 (RLIN) 41969
942 ## - ADDED ENTRY ELEMENTS (KOHA)
Source of classification or shelving scheme Dewey Decimal Classification
Koha item type Books
Existencias
Withdrawn status Lost status Source of classification or shelving scheme Damaged status Not for loan Collection code Home library Current library Date acquired Source of acquisition Total Checkouts Full call number Barcode Date last seen Date last checked out Copy number Price effective from Koha item type
    Dewey Decimal Classification     Non-fiction Biblioteca Pública José María del Castillo y Rada Biblioteca Pública José María del Castillo y Rada 04/15/2018 Donación 1 H / PASp1 430013132 04/07/2022 03/18/2022 T.1 / Ej.1 03/18/2022 Books